| 000 | 00427cam a22001337a 4500 | ||
|---|---|---|---|
| 008 | 180718b1987 xxu||||| |||| 00| 0 eng d | ||
| 082 | _aA81x54 In2/81/1/Pt3A/2 | ||
| 100 | _aCensus of India 1981 | ||
| 245 | _aIndia: general economic tables | ||
| 260 |
_aDelhi _bController of Publications _c1987 |
||
| 300 | _a883p. | ||
| 440 | _aCensus of India 1981. Series-1, India. Part-III A (ii) | ||
| 500 | _aContents: Tables: B-6 to B-10 | ||
| 999 |
_c481854 _d481854 |
||